000 00573nam a2200181Ia 4500
008 090124s9999 xx 000 0 und d
082 _b32675
100 _aकुलकर्णी गो.म.
245 _a साद-पडसाद
250 _a0
260 _b"पॉप्युलर प्रकाशन ,बाँम्बे"
_c1975
300 _a4+188
600 _aकुलकर्णी गो.म.
630 _a साद-पडसाद
700 _aकुलकर्णी गो.म.
730 _a साद-पडसाद
942 _cBOOK
999 _c98683
_d98683